[Event "Medellin de La Raza U2000 op"]
[Site "Medellin"]
[Date "2023.10.16"]
[Round "8"]
[White "Montoya Echeverri, Sebastian"]
[Black "Munoz Castano, Diego Alejandro"]
[Result "1-0"]
[WhiteElo "1909"]
[BlackElo "1703"]
[PlyCount "83"]
[EventDate "2023.10.12"]
[EventType "swiss"]
[EventRounds "9"]
[EventCountry "COL"]
[SourceTitle "Mega2024 Update 01"]
[Source "Chessbase"]
[SourceDate "2023.11.12"]
[SourceVersion "1"]
[SourceVersionDate "2023.11.12"]
[SourceQuality "1"]

1. e4 c5 2. Nf3 e6 3. d4 cxd4 4. Nxd4 a6 5. Bd3 Nc6 6. Nxc6 bxc6 7. c4 d5 8. cxd5 cxd5 9. 0-0 dxe4 10. Bxe4 Qxd1 11. Rxd1 Ra7 12. Be3 Re7 13. Bb6 Bd7 14. Bb7 e5 15. Bc5 Ba4 16. Bxe7 Bxd1 17. Bxf8 Kxf8 18. Bxa6 Nf6 19. Nc3 Bg4 20. a4 Ke7 21. f3 Be6 22. b4 Rd8 23. a5 Nd5 24. Nxd5+ Bxd5 25. Rc1 Kd6 26. Be2 Rd7 27. b5 Rc7 28. Rxc7 Kxc7 29. Bd3 g6 30. Kf2 f5 31. Ke3 Kd6 32. g4 f4+ 33. Kf2 Kc7 34. g5 Kd6 35. h4 Kc5 36. b6 Kc6 37. h5 gxh5 38. Bxh7 h4 39. Be4 Bxe4 40. fxe4 h3 41. g6 f3 42. Kxf3 1-0

[Event "Medellin de La Raza U2000 op"]
[Site "Medellin"]
[Date "2023.10.13"]
[Round "2"]
[White "Munoz Castano, Diego Alejandro"]
[Black "Dulcey Buitrago, John Jairo"]
[Result "1-0"]
[WhiteElo "1703"]
[BlackElo "1287"]
[PlyCount "95"]
[EventDate "2023.10.12"]
[EventType "swiss"]
[EventRounds "9"]
[EventCountry "COL"]
[SourceTitle "Mega2024 Update 01"]
[Source "Chessbase"]
[SourceDate "2023.11.12"]
[SourceVersion "1"]
[SourceVersionDate "2023.11.12"]
[SourceQuality "1"]

1. e4 c5 2. Nf3 e6 3. d4 cxd4 4. Nxd4 Nc6 5. Nc3 Qc7 6. Ndb5 Qb8 7. Bg5 a6 8. Nd4 Qc7 9. Nxc6 Qxc6 10. Qg4 b5 11. Bd3 Bb7 12. f3 Rc8 13. e5 h5 14. Qg3 Qb6 15. Ne4 Bxe4 16. fxe4 b4 17. Rf1 g6 18. Qf2 Qxf2+ 19. Rxf2 Bh6 20. Bxh6 Nxh6 21. Bxa6 Rc5 22. 0-0-0 Ng4 23. Rfd2 Nxe5 24. Rd4 Ra5 25. Rxb4 0-0 26. Rb5 Rxa6 27. Rxe5 Rxa2 28. Rxd7 Rb8 29. b3 Rc8 30. Rd2 Rca8 31. Rb5 Ra1+ 32. Kb2 R1a2+ 33. Kc3 Rc8+ 34. Kd3 Ra7 35. c4 Rd8+ 36. Kc3 Rxd2 37. Kxd2 Ra2+ 38. Ke3 Rxg2 39. c5 Rxh2 40. b4 h4 41. c6 Rc2 42. Rc5 Ra2 43. c7 Ra8 44. c8Q+ Rxc8 45. Rxc8+ Kg7 46. b5 h3 47. b6 h2 48. Rc1 1-0

[Event "Pan American-ch School U17"]
[Site "Medellin"]
[Date "2019.11.16"]
[Round "8"]
[White "Munoz Castano, Diego Alejandro"]
[Black "Sanchez Arroyave, Juan Pablo"]
[Result "0-1"]
[WhiteElo "1686"]
[BlackElo "1853"]
[PlyCount "84"]
[EventDate "2019.11.12"]
[EventType "swiss"]
[EventRounds "9"]
[EventCountry "COL"]
[SourceTitle "CBM 193 Extra"]
[Source "ChessBase"]
[SourceDate "2020.01.31"]
[SourceVersion "1"]
[SourceVersionDate "2020.01.31"]
[SourceQuality "1"]

1. e4 d5 2. exd5 Qxd5 3. d4 c6 4. Nc3 Qa5 5. Bf4 Nf6 6. Nf3 Bf5 7. Bd3 Bg6 8. Bxg6 hxg6 9. Qd2 e6 10. a3 Nbd7 11. 0-0 Be7 12. Rfe1 0-0 13. Ne5 Qd8 14. Qe3 Nb6 15. Rad1 Nbd5 16. Nxd5 Nxd5 17. Qf3 Nxf4 18. Qxf4 Bd6 19. Qg4 Qc7 20. h4 c5 21. Nf3 cxd4 22. Nxd4 Bc5 23. Re2 Rad8 24. Red2 Bxd4 25. Rxd4 Rxd4 26. Qxd4 Qxc2 27. Rd2 Qc6 28. Rd3 b6 29. Rc3 Qb7 30. Rg3 Qd5 31. Qa4 a5 32. b4 Qe4 33. Qb5 axb4 34. Qxb6 bxa3 35. Rxa3 Qf4 36. Rf3 Qxh4 37. Qc7 Qb4 38. Kh2 Qb8 39. Rc3 Qxc7+ 40. Rxc7 Kh7 41. Kg3 g5 42. Re7 f5 0-1

[Event "Pan American-ch School U17"]
[Site "Medellin"]
[Date "2019.11.14"]
[Round "5"]
[White "Padilla, Daniel Eduardo"]
[Black "Munoz Castano, Diego Alejandro"]
[Result "0-1"]
[WhiteElo "1804"]
[BlackElo "1686"]
[PlyCount "106"]
[EventDate "2019.11.12"]
[EventType "swiss"]
[EventRounds "9"]
[EventCountry "COL"]
[SourceTitle "CBM 193 Extra"]
[Source "ChessBase"]
[SourceDate "2020.01.31"]
[SourceVersion "1"]
[SourceVersionDate "2020.01.31"]
[SourceQuality "1"]

1. d4 Nf6 2. c4 g6 3. f3 c6 4. e4 d5 5. Nc3 dxc4 6. Bxc4 Bg7 7. Be3 0-0 8. Qd2 Nbd7 9. e5 Nd5 10. Nxd5 cxd5 11. Bxd5 Nb6 12. Bb3 Bd7 13. h4 h5 14. Ne2 Rc8 15. Rc1 Rxc1+ 16. Qxc1 Bc6 17. Nf4 Nd5 18. Nxd5 Bxd5 19. Qc5 Bxb3 20. axb3 a6 21. Ke2 Qd7 22. Rc1 f6 23. Qc4+ e6 24. exf6 Bxf6 25. Rd1 Rc8 26. Qd3 Kg7 27. Bf2 Qd5 28. Kf1 Rd8 29. Rc1 Rd7 30. Qc4 Bxd4 31. Bxd4+ Qxd4 32. Qxd4+ Rxd4 33. Rc7+ Kf6 34. Ke2 Rb4 35. Rc3 Rxh4 36. Ke3 Rh2 37. Kf2 Rh4 38. Ke3 Rb4 39. g3 g5 40. f4 gxf4+ 41. gxf4 Kf5 42. Rc5+ Kf6 43. Rc3 h4 44. Kf3 h3 45. Kg4 e5 46. Rxh3 Rxf4+ 47. Kg3 Rb4 48. Kf2 Kf5 49. Rh5+ Ke6 50. Rh3 Kd5 51. Ke2 Kd4 52. Rd3+ Kc5 53. Kd2 Rd4 0-1

[Event "COL-ch U20"]
[Site "Medellin"]
[Date "2019.03.15"]
[Round "5"]
[White "Duque Vasquez, David"]
[Black "Munoz Castano, Diego Alejandro"]
[Result "1-0"]
[WhiteElo "1678"]
[BlackElo "1740"]
[PlyCount "65"]
[EventDate "2019.03.13"]
[EventType "swiss"]
[EventRounds "7"]
[EventCountry "COL"]
[SourceTitle "CBM 189 Extra"]
[Source "ChessBase"]
[SourceDate "2019.06.03"]
[SourceVersion "1"]
[SourceVersionDate "2019.06.03"]
[SourceQuality "1"]

1. e4 c5 2. Nc3 e6 3. f4 Nc6 4. Bb5 a6 5. Bxc6 bxc6 6. Nf3 d5 7. d3 Nf6 8. 0-0 Be7 9. Qe1 0-0 10. h3 Re8 11. g4 Nd7 12. f5 exf5 13. gxf5 Bf6 14. Qg3 Ne5 15. Kh1 c4 16. Bf4 Nxf3 17. Qxf3 cxd3 18. cxd3 Be5 19. Rae1 Bxf4 20. Qxf4 f6 21. Re2 Bb7 22. Rc1 Qb8 23. Qg4 dxe4 24. dxe4 Re5 25. Na4 Qe8 26. Nc5 Bc8 27. Qg3 Bxf5 28. exf5 Rxe2 29. Ne6 Rxe6 30. Qb3 Kf8 31. fxe6 Rb8 32. e7+ Kxe7 33. Re1+ 1-0

[Event "COL-ch U20"]
[Site "Medellin"]
[Date "2019.03.14"]
[Round "2"]
[White "Munoz Castano, Diego Alejandro"]
[Black "Gallego, Julian Andres"]
[Result "0-1"]
[WhiteElo "1740"]
[BlackElo "2196"]
[PlyCount "46"]
[EventDate "2019.03.13"]
[EventType "swiss"]
[EventRounds "7"]
[EventCountry "COL"]
[SourceTitle "CBM 189 Extra"]
[Source "ChessBase"]
[SourceDate "2019.06.03"]
[SourceVersion "1"]
[SourceVersionDate "2019.06.03"]
[SourceQuality "1"]

1. e4 c5 2. Nf3 d6 3. d4 cxd4 4. Nxd4 Nf6 5. Nc3 a6 6. Be2 e5 7. Nf3 Be7 8. 0-0 0-0 9. h3 b5 10. a3 Bb7 11. Bd3 Nbd7 12. Be3 Rc8 13. Re1 Nc5 14. Nd2 Nxd3 15. cxd3 d5 16. Bg5 d4 17. Ne2 h6 18. Bh4 Qd6 19. Ng3 Qe6 20. Nf5 Bd8 21. Qf3 Kh7 22. Bg3 g6 23. Nh4 Nh5 0-1